000
00190 a2200097 4500
001
5500
100
_a
Price,MP
245
_a
History of turkey
260
_a
_b
Allen
_c
090
_c
4513
_d
4513
942
_a
NUST-CAE
_c
M
_c
30838
999
_c
240573
_d
240573